00378pab a2200133 454500008004000000100002100040245008900061260000900150300001500159362000800174650001100182700001800193773003300211180718b2013 xxu||||| |||| 00| 0 eng d aDesmond, Matthew aUnpolicing the urban poor: Consequences of third party policing for inner-city women c2013 ap.117-141. aFeb aPolice aValdez, Nicol aAmerican Sociological Review